| 000 | 00555nam a2200181 i 4500 | ||
|---|---|---|---|
| 001 | 96127 | ||
| 003 | ES-MaACL | ||
| 005 | 20240428063034.0 | ||
| 007 | t| | ||
| 008 | 050610s1932 sp ||||1| spa d | ||
| 100 | 1 |
_aDiego-Madrazo, Enrique, _d1850-1942 _9165773 |
|
| 245 | 1 | 0 |
_aPedagogía y eugenesia _b: cultivo de la especie humana / _cEnrique D. Madrazo. |
| 260 |
_aMadrid : _b[s.n.], _c1932 ( _fImp. Viuda Galo Sèz) |
||
| 300 |
_a322 p. ; _c19 cm. |
||
| 650 |
_aEugenesia. _912606 |
||
| 852 |
_aES-MaACL _jA-1546 |
||
| 999 |
_c96127 _d96127 |
||